| 000 | 00448nam a22001337a 4500 | ||
|---|---|---|---|
| 082 | _a BIT-10 WAQ | ||
| 100 |
_a M.Waqar Malik _993161 |
||
| 245 | _a Augmented reality 3D modeler using kinect | ||
| 260 |
_aIslamabad _bNUST School of Electrical Engineering and Computer Science _c2013 |
||
| 300 | _a 86p. : | ||
| 500 | _a Supervisor: Mr. Shamyle bin Mansoor | ||
| 856 | _uhttp://10.250.8.41:8080/xmlui/handle/123456789/9838 | ||
| 942 |
_cPR _2ddc |
||
| 999 |
_c12716 _d12716 |
||